Detalles MARC
| 000 -CABECERA |
| campo de control de longitud fija |
01138nam a2200289 a 4500 |
| 001 - NÚMERO DE CONTROL |
| campo de control |
000013125 |
| 003 - IDENTIFICADOR DEL NÚMERO DE CONTROL |
| campo de control |
DO-SdBNP |
| 005 - FECHA Y HORA DE LA ÚLTIMA TRANSACCIÓN |
| campo de control |
20240530073916.0 |
| 008 - DATOS DE LONGITUD FIJA--INFORMACIÓN GENERAL |
| campo de control de longitud fija |
091120s1979 dr 000 f spa d |
| 040 ## - FUENTE DE LA CATALOGACIÓN |
| Centro catalogador/agencia de origen |
DO-SdBNP |
| Lengua de catalogación |
spa |
| Centro/agencia transcriptor |
BNPHU |
| 082 #4 - NÚMERO DE LA CLASIFICACIÓN DECIMAL DEWEY |
| Número de clasificación |
RD863.44 |
| Número de documento/Ítem |
T178d |
| Número de edición |
22 |
| 100 1# - ENTRADA PRINCIPAL--NOMBRE DE PERSONA |
| Nombre de persona |
Tarazona, Enrique |
| Fechas asociadas al nombre |
1944- |
| 9 (RLIN) |
30239 |
| 245 13 - MENCIÓN DE TÍTULO |
| Título |
La doble muerte de un radical de ahora : novela corta documental ; |
| Resto del título |
El homo de las imagenes / |
| Mención de responsabilidad, etc. |
Enrique Tarazona. |
| 246 04 - FORMA VARIANTE DE TÍTULO |
| Título propio/Titulo breve |
Dos novelas cortas : |
| Resto del título |
El homo de las imagenes ; y , Doble muerte de un radical de ahora |
| 260 ## - PUBLICACIÓN, DISTRIBUCIÓN, ETC. |
| Lugar de publicación, distribución, etc. |
Santo Domingo : |
| Nombre del editor, distribuidor, etc. |
Alfa & Omega, |
| Fecha de publicación, distribución, etc. |
1979. |
| 300 ## - DESCRIPCIÓN FÍSICA |
| Extensión |
99 p. : |
| Otras características físicas |
il. ; |
| Dimensiones |
21 cm. |
| 500 ## - NOTA GENERAL |
| Nota general |
Incluye datos biográficos del autor en la contracubieta |
| 501 ## - NOTA DE "CON" |
| Nota de “Con” |
Publicado con : El homo de las imagenes |
| 563 ## - NOTA DE ENCUADERNACIÓN |
| Nota de encuadernación |
Dos obras encuardenadas juntas con paginación contínua |
| 590 ## - NOTA LOCAL (RLIN) |
| Nota local |
Inventariado, 2019/VM |
| 650 #0 - PUNTO DE ACCESO ADICIONAL DE MATERIA--TÉRMINO DE MATERIA |
| Término de materia o nombre geográfico como elemento de entrada |
Novela dominicana |
| 9 (RLIN) |
223 |
| 650 #0 - PUNTO DE ACCESO ADICIONAL DE MATERIA--TÉRMINO DE MATERIA |
| Término de materia o nombre geográfico como elemento de entrada |
Literatura dominicana. |
| 9 (RLIN) |
67 |
| 700 12 - PUNTO DE ACCESO ADICIONAL--NOMBRE DE PERSONA |
| Nombre de persona |
Tarazona, Enrique. |
| Fechas asociadas al nombre |
1944- |
| Título de la obra |
El homo de las imagenes |
| 9 (RLIN) |
30240 |
| 740 02 - PUNTO DE ACCESO ADICIONAL--TÍTULO RELACIONADO O ANALÍTICO NO CONTROLADO |
| Título relacionado o analítico no controlado |
El homo de las imagenes |
| 910 ## - DATOS DE OPCIÓN DEL USUARIO (OCLC) |
| Datos de opción del usuario |
Validado. Control de calidad MFF |
| 942 ## - ELEMENTOS DE PUNTO DE ACCESO ADICIONAL (KOHA) |
| Fuente del sistema de clasificación o colocación |
Dewey Decimal Classification |
| Tipo de ítem Koha |
Libro |